000 00310nam a2200109Ia 4500
008 221009s9999 xx 000 0 und d
082 _a510
100 _aGuider
_979384
245 0 _a30 प्रैक्टिस सेट्स एडवांस्‍ड मैथ्‍स
260 _bGuider
942 _cBK
999 _c65340
_d65340